Butterflies their structure, changes, and life histories / (Record no. 66015)
[ view plain ]
| 000 -LEADER | |
|---|---|
| fixed length control field | 00705nam a2200241 a 4500 |
| 001 - CONTROL NUMBER | |
| control field | 66015 |
| 003 - CONTROL NUMBER IDENTIFIER | |
| rucl marc code | BD-RjUL |
| 005 - DATE AND TIME OF LATEST TRANSACTION | |
| control field | 20211209081506.0 |
| 008 - FIXED-LENGTH DATA ELEMENTS--GENERAL INFORMATION | |
| fixed length control field | 170313s1999 ii ||||| |||| 001 0 eng d |
| 020 ## - INTERNATIONAL STANDARD BOOK NUMBER | |
| International Standard Book Number | 8176220272 |
| 035 ## - SYSTEM CONTROL NUMBER | |
| System control number | (BD-RjUL)66145 |
| 040 ## - CATALOGING SOURCE | |
| Original cataloging agency | BD-RjUL |
| Language of cataloging | eng |
| Transcribing agency | BD-RjUL |
| Modifying agency | BD-RjUL |
| 041 ## - LANGUAGE CODE | |
| Language code of text/sound track or separate title | eng |
| 082 ## - DEWEY DECIMAL CLASSIFICATION NUMBER | |
| Edition number | 23 |
| Classification number | 595.789 |
| Author mark and year | SCB 1999 |
| 100 ## - MAIN ENTRY--PERSONAL NAME | |
| Personal name | Scudder, Samuel H |
| 9 (RLIN) | 195274 |
| 245 10 - TITLE STATEMENT | |
| Title | Butterflies their structure, changes, and life histories / |
| Statement of responsibility, etc. | Samuel H Scudder |
| 260 ## - PUBLICATION, DISTRIBUTION, ETC. (IMPRINT) | |
| Place of publication, distribution, etc. | Delhi : |
| Name of publisher, distributor, etc. | Biotech Books, |
| Date of publication, distribution, etc. | c1999 |
| 300 ## - PHYSICAL DESCRIPTION | |
| Pagination | 322 p. : |
| Illustrations | ill, ; |
| Size | 24 cm. |
| 500 ## - GENERAL NOTE | |
| General note | Include index |
| 650 ## - SUBJECT ADDED ENTRY--TOPICAL TERM | |
| Topical term or geographic name as entry element | Butterflies |
| 9 (RLIN) | 195275 |
| Topical term or geographic name as entry element | Biologie Schmetterlinge |
| 9 (RLIN) | 195276 |
| 942 ## - ADDED ENTRY ELEMENTS (KOHA) | |
| Source of classification or shelving scheme | Dewey Decimal Classification |
| Koha item type | Books |
| Lost status | Source of classification or shelving scheme | Damaged status | Not for loan | Collection code | Permanent Location | Current Location | Shelving location | Date acquired | Source of acquisition | Cost, normal purchase price | Total Checkouts | Full call number | Date last seen | Copy number | Koha item type |
|---|---|---|---|---|---|---|---|---|---|---|---|---|---|---|---|
| Dewey Decimal Classification | Not For Loan | Non-fiction | Central Library, University of Rajshahi | Central Library, University of Rajshahi | Reading Room | 19/10/2005 | Dhaka,Paragon Enterprise | 650.00 | 595.789 SCB 1999 | 13/03/2017 | C-1 | Books |